<?xml version="1.0" encoding="UTF-8"?>
<record
    xmlns:xsi="http://www.w3.org/2001/XMLSchema-instance"
    xsi:schemaLocation="http://www.loc.gov/MARC21/slim http://www.loc.gov/standards/marcxml/schema/MARC21slim.xsd"
    xmlns="http://www.loc.gov/MARC21/slim">

  <leader>00836nam2a22002411  4500</leader>
  <controlfield tag="001">RU\NLR\INFOCOMM15\ROSSICA\1000008954</controlfield>
  <controlfield tag="005">20250613185303.0</controlfield>
  <datafield tag="035" ind1=" " ind2=" ">
    <subfield code="a">(NLR Aleph) 009884688</subfield>
  </datafield>
  <datafield tag="090" ind1=" " ind2=" ">
    <subfield code="a">10489718</subfield>
    <subfield code="c">10489718</subfield>
  </datafield>
  <datafield tag="100" ind1=" " ind2=" ">
    <subfield code="a">20030715d1910    |||y0rusy50      ca</subfield>
  </datafield>
  <datafield tag="101" ind1="0" ind2=" ">
    <subfield code="a">epo</subfield>
  </datafield>
  <datafield tag="102" ind1=" " ind2=" ">
    <subfield code="a">RU</subfield>
  </datafield>
  <datafield tag="105" ind1=" " ind2=" ">
    <subfield code="a">y   ||||000ay</subfield>
  </datafield>
  <datafield tag="200" ind1="1" ind2=" ">
    <subfield code="a">La instruita mimikisto</subfield>
    <subfield code="e">Originala komedieto en unu akto</subfield>
  </datafield>
  <datafield tag="210" ind1=" " ind2=" ">
    <subfield code="d">1910</subfield>
    <subfield code="a">&#x411;. &#x43C;.</subfield>
  </datafield>
  <datafield tag="461" ind1=" " ind2="0">
    <subfield code="1">001RU\NLR\INFOCOMM15\ROSSICA\1000008953</subfield>
    <subfield code="1">2001#$aArtista biblioteko internacia$fV.N.Devjatnin$v&#x2116;1, I</subfield>
    <subfield code="1">700#1$aDevjatnin$bV.N.$4070</subfield>
    <subfield code="9">10489715</subfield>
    <subfield code="a">Devjatnin, V.N.</subfield>
    <subfield code="c">Moskvo</subfield>
    <subfield code="d">1910</subfield>
    <subfield code="f">V.N.Devjatnin</subfield>
    <subfield code="t">Artista biblioteko internacia</subfield>
    <subfield code="v">&#x2116;1, I</subfield>
  </datafield>
  <datafield tag="801" ind1=" " ind2="1">
    <subfield code="a">RU</subfield>
    <subfield code="b">InfoComm</subfield>
    <subfield code="c">20030715</subfield>
  </datafield>
  <datafield tag="801" ind1=" " ind2="0">
    <subfield code="a">RU</subfield>
    <subfield code="b">NLR</subfield>
    <subfield code="g">PSBO</subfield>
  </datafield>
  <datafield tag="852" ind1=" " ind2=" ">
    <subfield code="a">NLR</subfield>
    <subfield code="j">12.55.8.31</subfield>
  </datafield>
  <datafield tag="942" ind1=" " ind2=" ">
    <subfield code="c">BOOK</subfield>
  </datafield>
  <datafield tag="980" ind1=" " ind2=" ">
    <subfield code="a">NB</subfield>
  </datafield>
  <datafield tag="980" ind1=" " ind2=" ">
    <subfield code="a">Rossica</subfield>
  </datafield>
  <datafield tag="995" ind1=" " ind2=" ">
    <subfield code="5">2013-10-26</subfield>
    <subfield code="b">NLR02</subfield>
    <subfield code="c">NLR02</subfield>
    <subfield code="e">IFS</subfield>
    <subfield code="f">9884688-10</subfield>
    <subfield code="k">12.55.8.31</subfield>
    <subfield code="o">0</subfield>
    <subfield code="r">BOOK</subfield>
    <subfield code="s">1255831_</subfield>
  </datafield>
</record>
